Altiplanos de Colombia / (Registro nro. 17753)

Detalles MARC
000 -CABECERA
Campo de control 01011nam a22002657a 4500
005 - FECHA Y HORA DE LA ULTIMA TRANSACCION
Campo de control 20180214145540.0
008 - ELEMENTOS DE LONGITUD FIJA—INFORMACION GENERAL
Campo de control 050826s2004 ck ab b 000 0 spa
020 ## - ISBN
ISBN 9589550428 (obra completa)
020 ## - ISBN
ISBN 958967495X
040 ## - FUENTE DE CATALOGACIÓN
Agencia catalogadora original DLC
Agencia transcriptora DLC
Agencia Modificadora DLC
-- Co-BoIAVH
041 ## - IDIOMA
Código de idioma para texto/pista de sonido o título separado Español
044 ## - PAÍS DE PUBLICACIÓN
País de publicación Colombia
082 00 - NUMERO DE CLASIFICACION DECIMAL DEWEY
Número de clasificación 995.60986
Número del ítem R62a
100 1# - ASIENTO PRINCIPAL--NOMBRE PERSONAL
Nombre personal Rivera-Ospina, David
9 (RLIN) 2059
245 10 - MENCION DE TITULO
Título Altiplanos de Colombia /
Mención de responsabilidad [textos y dirección científica, David Rivera Ospina ; fotografía, Fredy Gómez, Peter Goodhew, Santiago Montes Veira].
260 ## - PUBLICACION, DISTRIBUCION, ETC. (PIE DE IMPRENTA)
Lugar de publicación, distribución, etc. Cali, Colombia :
Nombre del editor, distribuidor, etc. Banco de Occidente Credencial,
Fecha de publicación, distribución, etc. 2004.
300 ## - DESCRIPCION FISICA
Extensión 203 p. :
Otros detalles físicos ilustraciones a color., mapas ;
Dimensiones 34 cm.
504 ## - NOTA DE BIBLIOGRAFIA, ETC.
Nota de bibliografía Incluye referencias bibliográticas (p. 197-200).
650 #0 - ASIENTO SECUNDARIO DE MATERIA - TERMINO TEMATICO
Término temático o nombre geográfico como elemento de entrada Zona de montaña
Subdivisión geográfica Colombia
9 (RLIN) 89763
650 #0 - ASIENTO SECUNDARIO DE MATERIA - TERMINO TEMATICO
Término temático o nombre geográfico como elemento de entrada Altiplanos
Subdivisión geográfica Colombia
9 (RLIN) 89764
700 1# - ASIENTO SECUNDARIO - NOMBRE PERSONAL
Nombre personal Gómez, Fredy.
Fechas asociadas con el nombre fotógrafo
9 (RLIN) 89765
700 1# - ASIENTO SECUNDARIO - NOMBRE PERSONAL
Nombre personal Goodhew, Peter.
Fechas asociadas con el nombre Fotógrafo
9 (RLIN) 89766
700 1# - ASIENTO SECUNDARIO - NOMBRE PERSONAL
Nombre personal Montes Veira, Santiago.
Fechas asociadas con el nombre fotógrafo
9 (RLIN) 89767
942 ## - ELEMENTOS ADICIONALES (KOHA)
Sistema de clasificación Dewey Decimal Classification
Tipo de ítem Libro
Existencias
Withdrawn status Lost status Sistema de Clasificación Damaged status No para préstamo Colección Inventariado Ubicación Permanente Ubicación actual Fecha de adquisición Fuente de Valor Total Checkouts Número topográfico Inventario / Código de Barras Date last seen Ejemplar Price effective from Forma de adquisición Tipo de material
    Dewey Decimal Classification     General Inventariado 2017 Bogotá Bogotá 04/09/2015 Amazon   LB-995.60986 R62a 039192 04/09/2015 Ej. 1 04/09/2015   Libro